| 000 | 01239nam a2200349 c 4500 | ||
|---|---|---|---|
| 003 | BLK | ||
| 005 | 20250708150408.0 | ||
| 008 | 180408b bul|||||r ||||||| ||bul|| | ||
| 010 | _aKNG00071260000 | ||
| 020 |
_a954-585-556-8 _bиздат.: Бард |
||
| 040 | _aBLK | ||
| 041 |
_aBUL _cBUL |
||
| 080 |
_aАмериканска литература (на САЩ) _b821.111(73) _x-312.4 _z821.111(73)-312.4 |
||
| 100 | 1 |
_aДю Брул, Джак _eпърви автор _9279262 |
|
| 700 |
_aЧернева, Юлия Недкова _d1955- _9365526 |
||
| 139 |
_aДю Брул, Джак _bД 97 |
||
| 245 | 1 | 0 |
_aМисия Вулкан _bРоман _cДжак Дю Брул; прев. от англ. Юлия Недкова Чернева. |
| 257 | _aUSA | ||
| 260 |
_аСофия _bБард _c2004 |
||
| 300 |
_a333 с. _c20 см |
||
| 380 | _aX | ||
| 490 | 1 | _aКралете на трилъра | |
| 500 | _aОриг. загл. Vilcan's Forge / Jack B. Du Brul. | ||
| 653 | _aтрилъри | ||
| 653 | _aромани | ||
| 852 | _aЦб 231204 | ||
| 856 | 4 |
_qpdf _u |
|
| 856 | 4 |
_qpdf _u |
|
| 942 |
_cKNG _n0 _026 |
||
| 944 |
_aCR _c06.02.2007 _lМинев Младен _k30530 |
||
| 944 |
_aED _c12.10.2011 _lф / _k |
||
| 999 |
_c66955 _d66955 |
||